000 00912nam a2200265Ia 4500
003 OSt
005 20220923211455.0
006 a|||||r|||| 00| 0
007 ta
008 Pun
020 _a9789351120001 (hbk)
_c300
024 _a324,078
037 _b1010, 15/01/2018, H.K. Prakashan
_cTextual
040 _aARTS
_cARTS
_bPun
041 _2Pun
_aPun
082 _aO153,3N501,AD, Q5
100 _aਬਰਾੜ, ਨਛੱਤਰ ਸਿੰਘ, ਂਚ.
245 0 _aਆਲ੍ਹਣੇ ਦੀ ਉਡਾਣ
260 _aਲੁਧਿਆਲਾ
_b ਚੇਤਨਾ ਪ੍ਰਕਾFਨ
_c2015
300 _a280ਪੰ
_ccm.
650 _a ਪੰਜਾਬੀ ਕਹਾਣੀ
650 _aਪੰਜਾਾਬੀ ਸਾਹਿਤ
_9156350
942 _hO153,3N501,AD, Q5
_cTEXL
_2CC
999 _c299896
_d299896